Statistiques concernant Pays qui produisent le plus de diamants

Cliquez ici pour prendre le quiz!

Statistiques générales

  • Ce quiz a été pris 3,610 fois
  • Le résultat moyen est 5 sur 10

Statistiques - réponses

Carats Pays % Correct
6 000 000Afrique du Sud
83%
3 150 000R.D. Congo
76%
21 500 000Russie
60%
1 920 000Namibie
58%
7 100 000Angola
57%
500 000Zimbabwe
52%
17 300 000Botswana
51%
12 000 000Canada
48%
350 000Lesotho
36%
500 000Sierra Leone
25%

Distribution des résultats

Percentile by Number Answered

% des personnes avec chaque résultat

Votre développement - résultats

Vous n’avez pas pris ce quiz